Patología del simpático / (Record no. 42112)

MARC details
000 -LEADER
campo de control de longitud fija 00469nam a2200169 i 4500
001 - NÚMERO DE CONTROL
campo de control 42112
003 - IDENTIFICADOR DE NÚMERO DE CONTROL
campo de control ES-MaACL
005 - FECHA Y HORA DE LA ÚLTIMA TRANSACCIÓN
campo de control 20230906160541.0
007 - CAMPO FIJO DE DESCRIPCIÓN FÍSICA--INFORMACIÓN GENERAL
campo de control de longitud fija t|
008 - DATOS DE LONGITUD FIJA--INFORMACIÓN GENERAL
campo de control de longitud fija 030312s1915 it ||||1| spa d
100 1# - ENTRADA PRINCIPAL--NOMBRE DE PERSONA
Nombre de persona Castellino, P.
9 (RLIN) 36551
245 10 - MENCIÓN DEL TÍTULO
Título Patología del simpático /
Mención de responsabilidad, etc. [por] P. Castellino, N. Pende.
260 ## - PUBLICACIÓN, DISTRIBUCIÓN, ETC.
Lugar de publicación, distribución, etc. Milano :
Nombre del editor, distribuidor, etc. [Francesco Vallardi],
Fecha de publicación, distribución, etc. 1915.
300 ## - DESCRIPCIÓN FÍSICA
Extensión XXXV, 536 p. ;
Dimensiones 24 cm.
700 1# - ENTRADA AGREGADA--NOMBRE PERSONAL
Nombre de persona Pende, N.
9 (RLIN) 90159
852 ## - LOCALIZACIÓN
Ubicación ES-MaACL
Número de control de estantería E-1504
Holdings
Estatus retirado Estado de pérdida Estado de daño No para préstamo Biblioteca de origen Biblioteca actual Ubicación en estantería Fecha de adquisición Fuente de adquisición Total de préstamos Signatura topográfica completa Código de barras Visto por última vez Precio de reemplazo Tipo de ítem Koha
        Biblioteca del Ateneo de Madrid Biblioteca del Ateneo de Madrid Depósito 2 17/01/2008     E-1504 1044324 23/02/2023 23/02/2023 Libro impreso